Search for the Nile /

Bibliographic Details
Main Author: Walker, Robert W. (Robert Wayne), 1948-
Other Authors: Navaroo, José Gonzalez
Format: Book
Language:English
Published: Toronto ; New York : Bantam Books, [1986]
Series:Time machine ; 12.

MARC

Tag First Indicator Second Indicator Subfields
LEADER 00000cam a2200000 a 4500
001 in00000782851
005 20151017063203.0
008 860515s1986 onca j 00011 eng d
020 |a 055325538X (pbk.) :  |c $2.25 
035 |a (OCoLC)13573589 
035 |9 ADN1192AM 
040 |a WPB  |c WPB  |d TXA  |d UtOrBLW 
049 1 |a TXA1 [SCIF] 
090 |a PZ7.W15384  |b Se 1986 
100 1 |a Walker, Robert W.  |q (Robert Wayne),  |d 1948- 
245 1 0 |a Search for the Nile /  |c by Robert W. Walker ; illustrated by José Gonzalez Navaroo. 
264 1 |a Toronto ;  |a New York :  |b Bantam Books,  |c [1986] 
264 4 |c ©1986 
300 |a 127 pages :  |b illustrations ;  |c 18 cm. 
336 |a text  |b txt  |2 rdacontent 
337 |a unmediated  |b n  |2 rdamedia 
338 |a volume  |b nc  |2 rdacarrier 
490 1 |a Time machine ;  |v 12 
500 |a "A Byron Preiss book." 
700 1 |a Navaroo, José Gonzalez. 
830 0 |a Time machine ;  |v 12. 
999 |a MARS 
999 f f |s d4b89d54-9316-35dc-9888-1fc2fe6480f9  |i 302d3676-dd5f-379a-bd19-e30714806aea  |t 0 
952 f f |p noncirc  |a Texas A&M University  |b College Station  |c Cushing Memorial Library & Archives  |d Cushing: Science Fiction (Does not check out)  |t 0  |e PZ7.W15384 Se 1986  |h Library of Congress classification  |i unmediated -- volume 
998 f f |a PZ7.W15384 Se 1986  |t 0  |l Cushing: Science Fiction (Does not check out)